000 00461nam a2200181Ia 4500
005 20250508153002.0
008 008 250505s9999 xx 000 0 urd d
037 _aBooks to be hide in OPAC
040 _aFEDL
_beng
_cFEDL
041 _aurd
_2eng
084 _a330.954, GUP/O
_qFEDL
100 _aGupta M G
245 0 _aIndian economics
260 _c1948
300 _a244p.
942 _cHB
_h330.954, GUP/O
999 _c1339994
_d1339994